جمنا تٹ سو ر ن (Record no. 176763)
[ view plain ]
| 000 -LEADER | |
|---|---|
| fixed length control field | 00706nam a22001937a 4500 |
| 005 - DATE AND TIME OF LATEST TRANSACTION | |
| control field | 20210125124401.0 |
| 010 ## - LCCN (DPL NO) | |
| LC control number | UR-11008 |
| 020 ## - INTERNATIONAL STANDARD BOOK NUMBER | |
| Terms of availability | 35.00 |
| International Standard Book Number | 24IRV89TC |
| 035 ## - SYSTEM CONTROL NUMBER | |
| System control number | U-9563 |
| 037 ## - SOURCE OF ACQUISITION | |
| Source of stock number/acquisition | DBAD/PUB |
| 082 ## - DEWEY DECIMAL CLASSIFICATION NUMBER | |
| Classification number | 841.08 |
| 100 ## - MAIN ENTRY--PERSONAL NAME | |
| Fuller form of name | کنو ر مہند ر سنگھ بيد ی سحر |
| 245 ## - TITLE STATEMENT | |
| Title | جمنا تٹ سو ر ن |
| Statement of responsibility, etc | کنو ر مہند ر سنگھ بيد ی سحر |
| 246 ## - VARYING FORM OF TITLE | |
| Remainder of title | Kanwer Mahinder Singh Bedi (Urdu) |
| Title proper/short title | by Haryana Urdu Acedemy |
| 260 ## - PUBLICATION, DISTRIBUTION, ETC. (IMPRINT) | |
| Place of publication, distribution, etc | Chandigarh |
| Name of publisher, distributor, etc | Director Haryana Urdu Acedemy |
| Date of publication, distribution, etc | 2020 ء |
| 270 ## - ADDRESS | |
| Address | SOC and Printers,Industrial Area, |
| City | Chandigarh |
| Postal code | 134113 |
| Fax number | 01722561412 |
| 300 ## - PHYSICAL DESCRIPTION | |
| Extent | 125 ص |
| Dimensions | 22 Cm(Hb) |
| 942 ## - ADDED ENTRY ELEMENTS (KOHA) | |
| Source of classification or shelving scheme | Dewey Decimal Classification |
| Item type | Urdu Bks |
| Classification part | 841.08 |
| Call number suffix | ب ے د |
No items available.
